| 000 | 00649nam a22002057a 4500 | ||
|---|---|---|---|
| 999 |
_c1388 _d1388 |
||
| 003 | AR-CdUCM | ||
| 008 | 190226b ||||| |||| 00| 0 spa d | ||
| 040 |
_aMUNICIPALIDAD PROVINCIAL DEL CUSCO _cBIBLIOTECA MUNICIPAL DEL CUSCO |
||
| 082 |
_a869.56 / _bJ17 |
||
| 100 |
_aJaime Barreto, Wilson _95288 |
||
| 245 |
_aPalabra viva / _cJaime Barreto, Wilson |
||
| 260 |
_aLima : _bLluvia Editores, _c1988. |
||
| 300 |
_a46 páginas ; _c20 cm. |
||
| 500 | _aEdición auspiciada por CONCYTEC. | ||
| 650 |
_aLiteratura peruana _9169 |
||
| 650 |
_aPoesías peruanas _91481 |
||
| 650 |
_aPoesías siglo XX _93861 |
||
| 942 |
_2ddc _cLIBROS |
||
| 945 | _azta | ||